000 00338nam a22001457a 4500
008 230320b ||||| |||| 00| 0 eng d
020 _a9780816042425
041 _aeng
080 _a030
082 _a030McG
100 _a42
101 _aENCIKLO
245 _aTHE ENCYCLOPEDIA OF 20TH CENTURY ATHLETES
_cMCGOVERN M
942 _2udc
_cBK
999 _c59404
_d59404